Adivinhe meus top 15 jogos mais jogados da Steam - Statistics

Estatísticas Gerais
  • Esse quiz foi jogado 12 vezes
    10 desde o último reset
  • A pontuação média é 2 de 15
Estatísticas das Respostas
Distruibuidora / Desenvolvedora Horas jogadas Ano de Publicação NA STEAM Resposta % Correto
Blizzard Entertainment 61 2023 Overwatch
60%
Hi-Rez Studios / Evil Mojo 561 2018 Paladins
40%
Behaviour Interactive 1164 2016 Dead by Daylight
20%
Valve / Facepunch Studios 145 2006 Garrys Mod
20%
Mediatonic 54 2020 Fall Guys
10%
NetEase Games 554 2024 Marvel Rivals
10%
Second Dinner Studios 113 2023 Marvel Snap
10%
Square Enix 50 2014 Sleeping Dogs
10%
Ubisoft / Blue Mamooth Games 1223 2017 Brawlhalla
0%
Alfa Bravo Inc 128 2023 Combat Master
0%
TT Games / Warner Bros 40 2016 Lego Marvel Avengers
0%
KwStudios 39 2013 RaceRoom Racing Experience
0%
SteelRaven7 120 2017 Ravenfield
0%
Playstation 50 2022 Spider Man Remastered
0%
Landfall 52 2021 Totally Accurate Battle Simulator (TABS)
0%
Nenhum quiz correspondente encontrado
Distribuição das Pontuações
Porcentagem de Pessoas com Cada Pontuação
Percentil de Números Respondidos
Sua Pontuação Histórica
Você não jogou esse quiz desde o último reset